Регионална библиотека "Любен Каравелов" - Русе

Неповторимо (Запис номер 78355)

MARC детайли
000 -Лидер
Контролно поле с фиксирана дължина 02063nam a2200421 c 4500
003 - Код на организацията, давaща контролен номер
Контролно поле BLK
005 - Дата и час на последна редакция
Контролно поле 20180422103728.0
008 - Елементи от данни с фиксирана дължина
fixed length control field 180408b bul|||||r ||||||| ||bul||
010 ## - Наследен системен номер
LC control number KNG00082821000
020 ## - Международен стандартен номер на книга ISBN
Международен стандартен номер на книга ISBN 978-954-91494-6-3
-- издат.: Калисто М - на том(ч. 4)
040 ## - Източник на каталожния запис
Идентификатор на билиотеката - собственик на записа BLK
041 ## - Код за език
Код за езика на текст/звукозапис или на отделно заглавие Български
Код за езика КДБФ Български
080 ## - УДК
Текстов определител УДК Пехота. Обща военна служба
УДК код - определител по УДК 356
УДК определител (093.3)
УДК - код + определител 356(093.3)
080 ## - УДК
Текстов определител УДК Военна история - Военни походи, битки, героични подвизи. Вж и 93/99
УДК код - определител по УДК 355.48
УДК определител (470)
УДК - код + определител 355.48(470)
080 ## - УДК
Текстов определител УДК Вътрешна политика. Вж и 329
УДК код - определител по УДК 323
УДК определител (470)
УДК - код + определител 323(470)
100 1# - Редна дума - Автор
Автор Варенников, Валентин Иванович
Авторска отговорност първи автор
R(LIN) 45554
139 ## - Редно поле
Редна дума Варенников, Валентин Иванович
Авторски знак Вар - В 22
245 10 - Сведения за заглавието
Заглавие Неповторимо
Подзаглавни данни Кн. 1 -
Редно поле (дума) Валентин Иванович Варенников; прев. от рус. Димитър Николов.
Том Кн. 4. Ч. 6
Заглавие на том Генералният щаб на въоръжените сили
257 ## - Страна на издаване
Страна на създаване/издаване Русия
260 ## - Област на издателските данни
-- София
Име на издателя, разпространителя и проч. Бълг. писател
Година на издаване 2006 -
300 ## - Физическа характеристика
Размери/Мащаб 20 см
380 ## - Жанр
Жанр Обществени науки
490 1# - СЕРИИ (Колекции)
Име на серия Поредица Братство по оръжие
500 ## - Общи забележки
Забележка Без сведение за ориг. загл.
650 #4 - Допълнително описание по предмет – тема
Основно описание – тема или топоним Военна история - СССР
9 (RLIN) 254921
650 #4 - Допълнително описание по предмет – тема
Основно описание – тема или топоним Генерали, съветски
9 (RLIN) 265250
653 ## - Ключова дума – ненормативна
Ключова дума военна история
653 ## - Ключова дума – ненормативна
Ключова дума генерали
653 ## - Ключова дума – ненормативна
Ключова дума Съветски съюз
653 ## - Ключова дума – ненормативна
Ключова дума спомени
700 1# - Други автори (авторска отговорност)
Лично име Николов, Димитър
Автороска отговорност (Описва отношението между автора и произведението) прев. от рус.
9 (RLIN) 366280
760 1# - Описание на основната серия
-- - на том(ч. 4)
Редна дума на основното описание Варенников, Валентин Иванович
Място на издаване, издател и година София, Калисто М, 2007
Страници - том 398 с., 16 л. : сн.
Заглавие Кн. 4. Ч. 6 Генералният щаб на въоръжените сили
852 ## - Местоположение
Форматна сигнатура Цб 239351
856 4# - Електронен адрес и достъп
Електронен формат pdf - файл
Път до файла /url/
856 4# - Електронен адрес и достъп
Електронен формат pdf - файл
Път до файла /url/
942 ## - АРТИКУЛИ
Вид на библиотечния материал Книги
Скрит в OPAC Не
944 ## - СЪЗДАВАНЕ И РЕДАКЦИЯ на ЗАПИСА
Създаване/Редакция Създаване
Дата на регистрацията/редакция 02.04.2008
Служител, извършил регистрацията/редакцията Геновева_Генчева
944 ## - СЪЗДАВАНЕ И РЕДАКЦИЯ на ЗАПИСА
Създаване/Редакция Редакция
Дата на регистрацията/редакция 22.05.2008
Служител, извършил регистрацията/редакцията
999 ## - СИСТЕМНИ КОНТРОЛНИ НОМЕРА
Koha biblionumber 78355
Koha biblioitemnumber 78355
Наличности
Код за отписване Код за изгубен артикул Код за повреда Коз за рестрикции Код за отдаване Артикулен № Име на библиотеката - собственик Име на библиотеката, в която се намира в момента Статус (Текущо местоположение) Дата на вписване в системата Местоположение - отдел Цена в лева Инвентарен номер Систематично азбучна сигнатура Баркод Номер на екземпляра Цена в евро Служебна бележка Служебен тип на артикула
  Не е изгубен Не е повреден без рестрикции ползва се в читалня 126751 Регионална библиотека "Любен Каравелов" Русе Регионална библиотека "Любен Каравелов" Русе Хранилище 2008-04-03 Хранилище 0.00 120000725117 Цб 239351 120000725117 1 0.00 Дост: Dp Вид: Д N: 8 Дата: 23.01.2008 Книги
Vip Innovations Ltd, Rousse, Bulgaria 2025